000 00820nam a22002657a 4500
003 CHAP
005 20220329140738.0
008 971013s r 00010 d
010 _a56940
011 _a57912
035 _a62067
040 _cCHAP
090 _aR-417
100 0 0 _aSchultz, Alarch R.
_9103217
245 _aEstudio comparativo do efecto de demelcolcena i colchicina sobre a germinacao e o desenvolvimento de sementes de cebola
500 _aSobretiro de: O hospital 1957. p.675-685
590 _aBATCH-UPD
_b10
_c20130110
_lUCH01
_h0241
590 _aBATCH-UPD
_b10
_c20130110
_lUCH01
_h1345
590 _aCONVERSION
_b10
_c20130109
_lUCH01
_h1331
650 1 4 _aCebolla.
_920749
650 1 4 _aColchicina.
_924619
901 _aBK
942 _cREIMP
949 _aR-417
_bBC
_cR
_d-133074
_eTS1
_i62067
_si
999 _c56940
_d56940